FCE Result

Saved in:
Bibliographic Details
Format: Book
Published: Oxford 2008
Tags: Add Tag
No Tags, Be the first to tag this record!
Institutions: Mạng thư viện Đại học Đà Nẵng
LEADER 00413nam a22001691a 4500
001 000035956
003 12248
005 20160321134753.0
008 160321s2008 000
245 |a FCE Result  |c Paul A. Davies & Tim Falla 
260 |a Oxford  |c 2008 
OWN |a LNN 
999 |a From the UDN01 
TYP |a Monograph 
980 |a Mạng thư viện Đại học Đà Nẵng